书目信息 |
| 题名: |
近代亚洲民族解放斗争的三次高涨与中国
|
|
| 作者: | 丁则良 著 | |
| 分册: | ||
| 出版信息: | 上海 上海人民出版社 1956 |
|
| 页数: | 56页 | |
| 开本: | 19cm | |
| 丛书名: | ||
| 单 册: | ||
| 中图分类: | K304 , K304.01 | |
| 科图分类: | ||
| 主题词: | 民族解放斗争--亚洲 , 亚洲--历史 | |
| 电子资源: | ||
| ISBN: | ||
| 000 | 00641nam0 2200217 45 | |
| 001 | 0156015708 | |
| 005 | 20060818103505.00 | |
| 100 | @a19980112d1956 em y0chiy0120 ea | |
| 101 | 0 | @achi |
| 102 | @aCN@b310000 | |
| 105 | @ay z 000yy | |
| 200 | 1 | @a近代亚洲民族解放斗争的三次高涨与中国@AJin Dai Ya Zhou Min Zu Jie Fang Dou Zheng De San Ci Gao Zhang Yu Zhong Guo@f丁则良著 |
| 210 | @a上海@c上海人民出版社@d1956 | |
| 215 | @a56页@d19cm | |
| 606 | @a民族解放斗争@y亚洲 | |
| 606 | 0 | @a亚洲@x历史 |
| 690 | @aK304@v3 | |
| 690 | @aK304.01@v3 | |
| 701 | 0 | @a丁则良@ADing Ze Liang@4著 |
| 801 | 0 | @aCN@bNLC@c20060818 |
| 905 | @a10447@dK304.01@e5 | |
| 近代亚洲民族解放斗争的三次高涨与中国/丁则良著.-上海:上海人民出版社,1956 |
| 56页;19cm |
| ISBN : |
| ● |
| 相关链接 |
|
|
|
|
正题名:近代亚洲民族解放斗争的三次高涨与中国
索取号:K304.01/5
 
预约/预借
| 序号 | 登录号 | 条形码 | 馆藏地/架位号 | 状态 | 备注 |
| 1 | 0466508 | 204665086 | 密集书库/ [索取号:K304.01/5] | 在馆 |